| 000 | 01085cam a2200193 a 4500 | ||
|---|---|---|---|
| 001 | 000018749 | ||
| 005 | 20200929165842.0 | ||
| 008 | 790125s1969 sp 000 1 spa d | ||
| 020 | _a8401435153: | ||
| 040 |
_aDO-SdBNP _bspa _cBNPHU |
||
| 100 | 1 |
_aCandel, Francisco. _940464 |
|
| 245 | 1 | 0 |
_aTreinta mil pesetas por um hombre / _cFrancisco Candel. |
| 260 |
_aMadrid : _bAlfaguara, _c1969. |
||
| 300 |
_a219 p. ; _c19 cm. |
||
| 490 | 1 |
_aNarración Bolsillo _v3 |
|
| 505 | 0 |
_gDedicatoria -- _tEl abrigo -- _tEl gitano que tenía el corazón grande -- _tEl veterano -- _t!Trágame, tierra! -- _tConé -- _tLa fusila -- _tEn la comisaría -- _tPremeditación y alevosía -- _tTreinta mil pesetas por un hombre -- _tCuanto más te quiero, más te apuñego -- _tFray Gerundio de Campazas -- _t!Yo quiero volver a Málaga! -- _tCarta de Alemania -- _tEl hombre que se escribía con Franco -- _tLa navidad de los pobres -- _tLección de caridad -- _tEl despido -- _tQue se mueran los feos -- _tDoña Marina Morada de la Vela. |
|
| 830 | 0 |
_aNarración Bolsillo, _v3 _930956 |
|
| 910 | _aCatalogación derivada / LC | ||
| 999 |
_c18269 _d18269 |
||